| 000 | 00650nam a2200277Ia 4500 | ||
|---|---|---|---|
| 008 | 190123s9999 xx 000 0 und d | ||
| 020 | _a9780439223096 | ||
| 050 | _bP235 2000 | ||
| 100 | _aPark, Barbara | ||
| 245 | 0 | _aHas a peep in her pocket / | |
| 245 | 0 | _cby Junie B. Jones. | |
| 260 | _aNew York, New York : | ||
| 260 | _bScholastic, | ||
| 260 | _c2000 | ||
| 300 | _a67 pages : | ||
| 300 | _bcolored illustrations ; | ||
| 300 | _c19cm. | ||
| 440 | _aJunie B. Jones ; | ||
| 440 | _v15 | ||
| 500 | _a360L | ||
| 650 | _aFarms. | ||
| 650 | _aFear. | ||
| 650 | _aSchool field trips. | ||
| 700 | _aSeries. | ||
| 700 | _aTitle. | ||
| 999 |
_c361093 _d361093 |
||